00552 cama220015771a450000100100000000500170001000800410002704000250006810000370009324500460013026000490017630000210022559000260024695201050027299900170037700001744820200929165122.0750721s1961 ag 000 1 spa  aDO-SdBNPbspacBNPHU1 aAsturias, Miguel Ángel.93815113aEl alhajadito /cMiguel Angel Ásturias. aBuenos Aires, Argentina :bGoyanarte,c1961. a141 p. ;c21 cm. aInventariado, 2019/VM 001050718MOaGRbGRcHDd2010-03-24iLF1l0o p17448-10r2020-06-25w2020-06-25y1ZNo se presta c16973d16973